00967 2200385 4500001002100000005001500021035002000036007000300056008004100059020001800100082001200118084002200130084001900152084001800171084001800189100001600207245003200223250000900255260004500264300002900309500007200338700001900410650002100429990001300450990000900463990000900472990000900481990001300490990001300503990001300516990001300529990001300542990001300555990001300568INLIS00000000000751120230711030611 a0010-1221000009ta230711 g 1 ind  a9786020329505 a899.221 a899.221 ZAK p C.1 a813 ZAK p C.1 a813 ZAK p C.2 a813 ZAK p C.30 aZaky Yamani1 aPusaran Amuk /cZaky Yamani a2020 aJakarta :bGramedia Pustaka Utama,c2016 a421 hlm :bilus ;c20 cm aSeperti ketika terdampar di lautan dengan hanya ditemani sebatang k0 aRieta Eriyanti 4aFiksi Indonesia a023.4267 a5124 a5123 a5124 a022.5809 a022.5808 a022.7722 a022.7723 a022.7724 a023.4268 a023.4269